Community dances manual : books 1-7 /

Bibliographic Details
Corporate Author: English Folk Dance and Song Society
Other Authors: Kennedy, Douglas, 1893-1988, Parkes, Tony
Format: Book
Language:English
Published: Princeton, N.J. : Princeton Book Co., [1986]
Subjects:

MARC

Tag First Indicator Second Indicator Subfields
LEADER 00000cam a2200000 a 4500
001 in00000007724
005 20151002060023.0
008 870819s1986 njug b 00100 eng
010 |a  86060484  
020 |a 0916622452 (pbk.) 
035 |a (OCoLC)14087967 
035 |9 AAA0052AM 
040 |a DLC  |c DLC  |d TXA  |d UtOrBLW 
050 0 0 |a GV1763  |b .C66 1986 
245 0 0 |a Community dances manual :  |b books 1-7 /  |c series editors, Douglas Kennedy in association with the English Folk Dance and Song Society ; [new introduction, glossary, and bibliography/discography by Tony Parkes]. 
264 1 |a Princeton, N.J. :  |b Princeton Book Co.,  |c [1986] 
264 4 |c ©1986 
300 |a vii, 128 pages :  |b music ;  |c 29 cm. 
336 |a text  |b txt  |2 rdacontent 
337 |a unmediated  |b n  |2 rdamedia 
338 |a volume  |b nc  |2 rdacarrier 
500 |a "A compilation of seven collections of English and American country dances, originally published between 1949 and 1967 by the English Folk Dance and Song Society, London"--P. v. 
500 |a "A Dance Horizons Book." 
504 |a "Bibliography/Discography": pages 125-126. 
500 |a Includes index. 
650 0 |a Country dancing  |x Study and teaching. 
650 0 |a Country-dances (Music) 
700 1 |a Kennedy, Douglas,  |d 1893-1988. 
700 1 |a Parkes, Tony. 
710 2 |a English Folk Dance and Song Society. 
999 |a MARS 
999 f f |s f41affbf-78b1-32b9-94a8-4c5dd42e646d  |i 2d7b76b3-2e05-3b2d-acf0-0ad531f75490  |t 0 
952 f f |p ric  |a Texas A&M University  |b Rellis Campus  |c Joint Library Facility  |d Remote Storage  |t 0  |e GV1763 .C66 1986  |h Library of Congress classification  |i unmediated -- volume  |m A14812564384 
998 f f |a GV1763 .C66 1986  |t 0  |l Remote Storage